ARRUPE JESUIT UNIVERSITY

CORONAVIRUS -STOP THE SPREAD - CLEAN,DISINFECT,COVER

The condition of Jewish belief; (Record no. 131544)

MARC details
000 -LEADER
fixed length control field 00788cam a22002771 4500
001 - CONTROL NUMBER
control field 7543457
003 - CONTROL NUMBER IDENTIFIER
control field ARRUPE
005 - DATE AND TIME OF LATEST TRANSACTION
control field 20221121110225.0
008 - FIXED-LENGTH DATA ELEMENTS--GENERAL INFORMATION
fixed length control field 720810s1966 nyu 100 0 eng
010 ## - LIBRARY OF CONGRESS CONTROL NUMBER
LC control number 67015049
015 ## - NATIONAL BIBLIOGRAPHY NUMBER
National bibliography number GB67-23930
028 ## - PUBLISHER NUMBER
Source Arrupe
035 ## - SYSTEM CONTROL NUMBER
System control number (OCoLC)377368
040 ## - CATALOGING SOURCE
Original cataloging agency DLC
Transcribing agency ODaWU
Modifying agency OCoLC
-- Uk
-- DLC
042 ## - AUTHENTICATION CODE
Authentication code premarc
050 00 - LIBRARY OF CONGRESS CALL NUMBER
Classification number BM601
Item number .C63
082 ## - DEWEY DECIMAL CLASSIFICATION NUMBER
Classification number 296.3
300 ## - PHYSICAL DESCRIPTION
Dimensions 21 cm.
130 0# - MAIN ENTRY--UNIFORM TITLE
Uniform title Commentary.
9 (RLIN) 51875
245 14 - TITLE STATEMENT
Title The condition of Jewish belief;
Remainder of title a symposium,
Statement of responsibility, etc compiled by the editors of Commentary magazine.
260 ## - PUBLICATION, DISTRIBUTION, ETC. (IMPRINT)
Place of publication, distribution, etc New York,
Name of publisher, distributor, etc Macmillan
Date of publication, distribution, etc [c1966]
300 ## - PHYSICAL DESCRIPTION
Extent 280 p.
650 #0 - SUBJECT ADDED ENTRY--TOPICAL TERM
Topical term or geographic name as entry element Judaism
General subdivision Doctrines.
9 (RLIN) 2659
650 #0 - SUBJECT ADDED ENTRY--TOPICAL TERM
Topical term or geographic name as entry element Judaism.
9 (RLIN) 7715
906 ## - LOCAL DATA ELEMENT F, LDF (RLIN)
a 7
b cbc
c oclcrpl
d u
e ncip
f 19
g y-gencatlg
942 ## - ADDED ENTRY ELEMENTS (KOHA)
Source of classification or shelving scheme Library of Congress Classification
Koha item type Monograph ( Printed materials)
Holdings
Withdrawn status Lost status Source of classification or shelving scheme Damaged status Not for loan Home library Current library Shelving location Date acquired Total Checkouts Full call number Barcode Date last seen Price effective from Koha item type
    Library of Congress Classification     ARRUPE LIBRARY ARRUPE LIBRARY Main Collection 21/11/2022   BM601 .C63 46700000032 21/11/2022 21/11/2022 Monograph ( Printed materials)

 

Arrupe Library. PO Box MP320 Mt Pleasant, Harare, Zimbabwe
263 242 745411|librarian@aju.ac.zw